| 000 | 00347nam a22001577a 4500 | ||
|---|---|---|---|
| 003 | SGT | ||
| 020 | _a81-722-4-152-6 | ||
| 082 |
_a641.56 _bD13V |
||
| 100 | _aVIJAY,G. PANDU | ||
| 245 | _aDIET FOR DIABETIES | ||
| 260 |
_aAHMEDABAD _bJAICO PUB _c2013 |
||
| 300 | _a226 | ||
| 650 | _aNATUROPATHY | ||
| 653 | _aDIET, DIABETIES | ||
| 942 |
_2ddc _cBK _08 |
||
| 999 |
_c22067 _d22067 |
||